Statistics for Estonia First Level Subdivisions

Click here to take the quiz!

General Stats

  • This quiz has been taken 37 times
  • The average score is 9 of 15

Answer Stats

Maakonnad% Correct
Lääne / Western
77%
Pärnu
77%
Saare
77%
Tartu
77%
Hiiu
69%
Harju
62%
Ida-Viru / Eastern Viru
54%
Jõgeva
54%
Lääne-Viru / Western Viru
54%
Valga
54%
Viljandi
54%
Võru
54%
Järva
46%
Põlva
46%
Rapla
46%

Score Distribution

Percentile by Number Answered

Percent of People with Each Score

Your Score History

You have not taken this quiz